000 00230nam a2200097Ia 4500
005 20251222114345.0
008 251222s1900||||xx |||||||||||||| ||spa||
082 _aDVD0099/G87/2006
245 0 _aCusco: Ombligo del Mundo:
942 _cDVD
999 _c1015
_d1015